Holy Bible, Old and New Testament. (Record no. 3801)

MARC details
000 -LEADER
fixed length control field 00620nam a2200241 a 4500
020 ## - INTERNATIONAL STANDARD BOOK NUMBER
ISBN
082 00 - DEWEY DECIMAL CLASSIFICATION NUMBER
Classification number 220.59147
Author Cutter BBS
100 ## - MAIN ENTRY--AUTHOR NAME
Author name British Bible, Society
245 ## - TITLE STATEMENT
Title Holy Bible, Old and New Testament.
260 ## - PUBLICATION, DISTRIBUTION, ETC. (IMPRINT)
Place of publication Surat
Name of publisher Irish Presbyterian Mission Press
Year of publication 1929
300 ## - PHYSICAL DESCRIPTION
Number of Pages 349p
500 ## - GENERAL NOTE
General note includes index and biblioraphy
505 2# - FORMATTED CONTENTS NOTE
Formatted contents note glossary, index
650 ## - SUBJECT ADDED ENTRY--TOPICAL TERM
Topical Term Bible-Gujarati
942 ## - ADDED ENTRY ELEMENTS (KOHA)
Koha item type
700 1# -
-- British Bible, Society
Holdings
Home library Current library Date acquired Cost, normal purchase price Full call number Accession Number Koha item type
Henry Martyn Institute Library Henry Martyn Institute Library 06/15/2007 100.00 220.59147 BBS 8602 Archive Book
                   Copyright © 2026 | Henry Martyn Institute | Hyderabad | TS-500052 | INDIA | Implemented by hmi.edu.in
Hit-Count:

Powered by Koha